Alle 15 Bezirke der DDR - Statistiken

Allgemein
  • Dieses Quiz wurde 144 mal gespielt
  • Das Durchschnittsergebnis liegt bei 13 aus 15
Antwortstatistiken
Einwohner
(1989)
Kfz-
Kennz.
Bezirk % Korrekt
👤 1.279.200 I Berlin
96%
👤 1.757.400 R, Y Dresden
96%
👤 1.360.900 S, U Leipzig
96%
👤 1.249.500 H, M Magdeburg
93%
👤 1.240.400 L, F Erfurt
91%
👤 916.500 A Rostock
90%
👤 1.859.500 T, X Karl-Marx-Stadt(Chemnitz)
89%
👤 884.700 Z Cottbus
85%
👤 1.776.500 K, V Halle
85%
👤 1.123.800 D, P Potsdam
84%
👤 595.200 B Schwerin
81%
👤 620.500 C Neubrandenburg
74%
👤 742.000 N Gera
72%
👤 713.800 E Frankfurt (Oder)
65%
👤 549.400 O Suhl
55%
Keine übereinstimmenden Quizze gefunden
Verteilung der Resultate
Anzahl Personen mit jedem Resultat
Perzentil nach korrekt beantworteten Fragen
Ihre Resultats-Entwicklung
Sie haben dieses Quiz noch nicht gespielt